বাংলাদেশের প্রত্নসম্পদ / (Record no. 74137)
[ view plain ]
| 000 -LEADER | |
|---|---|
| fixed length control field | 01118nam a2200253 a 4500 |
| 001 - CONTROL NUMBER | |
| control field | 74137 |
| 003 - CONTROL NUMBER IDENTIFIER | |
| rucl marc code | BD-RjUL |
| 005 - DATE AND TIME OF LATEST TRANSACTION | |
| control field | 20211209082512.0 |
| 008 - FIXED-LENGTH DATA ELEMENTS--GENERAL INFORMATION | |
| fixed length control field | 180307m20111984bg a|||| b||| 000 0 ben d |
| 020 ## - INTERNATIONAL STANDARD BOOK NUMBER | |
| International Standard Book Number | 9844832722 |
| Terms of availability | Tk.800.00 |
| 035 ## - SYSTEM CONTROL NUMBER | |
| System control number | (BD-RjUL)74355 |
| 040 ## - CATALOGING SOURCE | |
| Original cataloging agency | BD-RjUL |
| Language of cataloging | eng |
| Transcribing agency | BD-RjUL |
| 041 ## - LANGUAGE CODE | |
| Language code of text/sound track or separate title | ben |
| 082 ## - DEWEY DECIMAL CLASSIFICATION NUMBER | |
| Edition number | 23 |
| Classification number | 930.1095492 |
| Author mark and year | ZAB 2010 |
| 100 1# - MAIN ENTRY--PERSONAL NAME | |
| Personal name | যাকারিয়া, আবুল কালাম মোহাম্মদ |
| 9 (RLIN) | 220413 |
| 245 10 - TITLE STATEMENT | |
| Title | বাংলাদেশের প্রত্নসম্পদ / |
| Statement of responsibility, etc. | আবুল কালাম মোহাম্মদ যাকারিয়া, |
| 260 ## - PUBLICATION, DISTRIBUTION, ETC. (IMPRINT) | |
| Place of publication, distribution, etc. | ঢাকা : |
| Name of publisher, distributor, etc. | দিব্যপ্রকাশ , |
| Date of publication, distribution, etc. | ১৯৮৪ (মুদ্রন ২০১১) |
| 300 ## - PHYSICAL DESCRIPTION | |
| Pagination | ২৩ , ৭৪০ পৃ. : |
| Illustrations | ছবি ; |
| Size | ২২ সেমি. |
| 504 ## - BIBLIOGRAPHY, ETC. NOTE | |
| Bibliography, etc | গ্রন্থপঞ্জি সংযুক্ত |
| 650 ## - SUBJECT ADDED ENTRY--TOPICAL TERM | |
| Topical term or geographic name as entry element | খনন প্রত্নতত্ত্ব |
| Geographic subdivision | বাংলাদেশ |
| 9 (RLIN) | 220414 |
| Topical term or geographic name as entry element | Excavitions ( archacology) |
| Geographic subdivision | Bangladesh |
| 9 (RLIN) | 220415 |
| 651 ## - SUBJECT ADDED ENTRY--GEOGRAPHIC NAME | |
| Geographic name | Bangladesh |
| Form subdivision | Antiquites |
| 9 (RLIN) | 220416 |
| 942 ## - ADDED ENTRY ELEMENTS (KOHA) | |
| Source of classification or shelving scheme | Dewey Decimal Classification |
| Koha item type | Books |
| Lost status | Source of classification or shelving scheme | Damaged status | Not for loan | Collection code | Permanent Location | Current Location | Shelving location | Date acquired | Source of acquisition | Cost, normal purchase price | Total Checkouts | Full call number | Date last seen | Copy number | Koha item type | Date checked out |
|---|---|---|---|---|---|---|---|---|---|---|---|---|---|---|---|---|
| Dewey Decimal Classification | Not For Loan | Non-fiction | Central Library, University of Rajshahi | Central Library, University of Rajshahi | Reading Room | 22/03/2017 | Rajshahi News Home | 800.00 | B 930.1095492 ZAB 2010 | 07/03/2018 | C-1 | Books | ||||
| Dewey Decimal Classification | Non-fiction | Central Library, University of Rajshahi | Central Library, University of Rajshahi | 22/03/2017 | Rajshahi News Home | 800.00 | 14 | B 930.1095492 ZAB 2010 | 15/12/2025 | C-2 | Books | 30/11/2025 | ||||
| Dewey Decimal Classification | Non-fiction | Central Library, University of Rajshahi | Central Library, University of Rajshahi | 22/03/2017 | Rajshahi News Home | 800.00 | 11 | B 930.1095492 ZAB 2010 | 28/12/2023 | C-3 | Books | 13/12/2023 |